Loghi dei paesi della Coppa del Mondo 2026 - Statistics

Statistiche generali
  • Questo quiz è stato fatto 54 volte
  • Il punteggio medio è 29 su 42
Statistiche sulle risposte
con Immagini Risposta % Corretto
Brasile
98%
Inghilterra
96%
Francia
94%
Paesi Bassi
94%
Germania
90%
Norvegia
90%
Stati Uniti
88%
Belgio
86%
Croazia
86%
Colombia
84%
Qatar
84%
Argentina
82%
Iran
82%
Marocco
82%
Panama
82%
Portogallo
82%
Australia
80%
Austria
80%
Canada
80%
Spagna
80%
Tunisia
80%
Uruguay
78%
Senegal
76%
Costa d'Avorio
75%
Ghana
75%
Algeria
73%
Scozia
73%
Nuova Zelanda
69%
Ecuador
67%
Giappone
65%
Messico
61%
Svizzera
57%
Egitto
55%
Corea del Sud
51%
Arabia Saudita
43%
Paraguay
43%
Capo Verde
33%
Giordania
31%
Curaçao
24%
Haiti
20%
Sudafrica
18%
Uzbekistan
14%
Nessun quiz corrispondente trovato
Distribuzione punteggi
Percentuale di utenti per punteggio
Percentile per numero di risposta
I tuoi punteggi nel tempo
Non hai fatto questo quiz